Úspešnosť slovenských stavebných podnikov za rok 2007
Hodnotenie podnikov pôsobiacich na slovenskom stavebnom trhu. Nový pohľad na ich úspešnosť, založený na využití komplexného multikriteriálneho modelu hodnotenia a posudzovaní úspešnosti podnikov na základe výberu viacerých ukazovateľov, ktorým sú pridelené váhy významnosti daného ukazovateľa.
Na minha lista:
| Autor principal: | |
|---|---|
| Outros Autores: | , |
| Formato: | Capítulo de Livro |
| Idioma: | eslovaco |
| Assuntos: | |
| Tags: |
Sem tags, seja o primeiro a adicionar uma tag!
|
MARC
| LEADER | 00000naa$a2200000$$$4500 | ||
|---|---|---|---|
| 001 | 0088437 | ||
| 005 | 20240502072006.8 | ||
| 041 | 0 | |a slo | |
| 044 | |a SK | ||
| 245 | 1 | 0 | |a Úspešnosť slovenských stavebných podnikov za rok 2007 |c Peter Mesároš, František Sudzina, František Mesároš |
| 520 | |a Hodnotenie podnikov pôsobiacich na slovenskom stavebnom trhu. Nový pohľad na ich úspešnosť, založený na využití komplexného multikriteriálneho modelu hodnotenia a posudzovaní úspešnosti podnikov na základe výberu viacerých ukazovateľov, ktorým sú pridelené váhy významnosti daného ukazovateľa. | ||
| 610 | 2 | 0 | |a podnik stavebný |
| 610 | 2 | 0 | |a Slovensko |
| 610 | 2 | 0 | |a stavebníctvo |
| 610 | 2 | 0 | |a indexy |
| 100 | 1 | |a Mesároš, Peter | |
| 700 | 1 | |a Sudzina, František | |
| 700 | 1 | |a Mesároš, František | |